Artificial Intelligence 2nd Ed. (Record no. 19244)

MARC details
000 -LEADER
fixed length control field 00386nam a2200157Ia 4500
008 - FIXED-LENGTH DATA ELEMENTS--GENERAL INFORMATION
fixed length control field 221220s9999 xx 000 0 und d
020 ## - INTERNATIONAL STANDARD BOOK NUMBER
ISBN 978-93-5573-042-8
041 ## - LANGUAGE CODE
Language code of text/sound track or separate title
100 ## - MAIN ENTRY--AUTHOR NAME
Personal name S. Kaushik
245 #0 - TITLE STATEMENT
Title Artificial Intelligence 2nd Ed.
Statement of responsibility, etc by S. Kaushik
250 ## - EDITION STATEMENT
Edition statement 2nd
260 ## - PUBLICATION, DISTRIBUTION, ETC. (IMPRINT)
Name of publisher Cengage
Place of publication India
Year of publication 2022
300 ## - PHYSICAL DESCRIPTION
Number of Pages 1635
650 ## - SUBJECT ADDED ENTRY--TOPICAL TERM
Topical Term BE Computer
942 ## - ADDED ENTRY ELEMENTS (KOHA)
Source of classification or shelving scheme
Koha item type Books
Holdings
Accession Number Cost, normal purchase price Bill Date Source of acquisition Price effective from Koha item type Withdrawn / writtenoff status Materials specified (bound volume or other part) Damaged status Not for loan Permanent Location Current Location Shelving location Date acquired Lost/ Missing status department
BE 24534 799.00 42 ABD, Jammu 12/20/2022 Books   Print   Not For Loan MIET Library, Jammu MIET Library, Jammu BL-Academic Block- B, FL-2, CUP-54, SH-6, R-6     BE
BE 24535 799.00 42 ABD, Jammu 12/20/2022 Books   Print     MIET Library, Jammu MIET Library, Jammu 197/5     BE